The sikh way of maritial living (Record no. 143271)

MARC details
000 -LEADER
fixed length control field 00628nam a22001937a 4500
005 - DATE AND TIME OF LATEST TRANSACTION
control field 20170811120414.0
010 ## - LCCN (DPL NO)
LC control number ENG-119751
020 ## - INTERNATIONAL STANDARD BOOK NUMBER
International Standard Book Number 9788176473491
Terms of availability 175.00
035 ## - SYSTEM CONTROL NUMBER
System control number EN-103283
037 ## - SOURCE OF ACQUISITION
Source of stock number/acquisition DBAD/PUB
082 ## - DEWEY DECIMAL CLASSIFICATION NUMBER
Classification number 260.64
100 ## - MAIN ENTRY--PERSONAL NAME
Personal name Amrik Singh
245 ## - TITLE STATEMENT
Title The sikh way of maritial living
Statement of responsibility, etc Amrik Singh
260 ## - PUBLICATION, DISTRIBUTION, ETC. (IMPRINT)
Place of publication, distribution, etc Ludhiana
Name of publisher, distributor, etc Lahore Books
Date of publication, distribution, etc 2014
270 ## - ADDRESS
Address 2, Lajpat Rai Market, Near Society Cinema
City Ludhiana
Postal code 141001
300 ## - PHYSICAL DESCRIPTION
Extent 128p.
Dimensions 22cm(Hb)
505 ## - FORMATTED CONTENTS NOTE
Formatted contents note Significance of Anand Karaj in modern life and Guru-guided ways for harmonious living.
942 ## - ADDED ENTRY ELEMENTS (KOHA)
Source of classification or shelving scheme Dewey Decimal Classification
Item type English Books
Classification part 260.64
Call number suffix AMR
Holdings
Withdrawn status Lost status Not for loan Collection code Home library Current library Date acquired Source of acquisition Cost, normal purchase price Full call number Barcode Copy number Cost, replacement price Koha item type
    Not For Loan Non-fiction D.B.Act.Division Bawana 11/08/2017 DBAD/PUB 175.00 260.64 SIN EN-103283 1 175.00 English Books

© Delhi Public Library
Hit Counter
free hit counter